MARC details
| 000 -CABECERA |
| campo de control de longitud fija |
01020nam a2200289 a 4500 |
| 001 - NÚMERO DE CONTROL |
| campo de control |
000005599 |
| 005 - FECHA Y HORA DE LA ÚLTIMA TRANSACCIÓN |
| campo de control |
20251124091422.0 |
| 008 - DATOS DE LONGITUD FIJA--INFORMACIÓN GENERAL |
| campo de control de longitud fija |
090820s2002 dr 001 0 spa d |
| 020 ## - NÚMERO INTERNACIONAL ESTÁNDAR DEL LIBRO |
| Número Internacional Estándar del Libro |
9993454141 |
| 040 ## - FUENTE DE LA CATALOGACIÓN |
| Centro catalogador/agencia de origen |
DO-SdBNP |
| 082 ## - NÚMERO DE LA CLASIFICACIÓN DECIMAL DEWEY |
| Número de clasificación |
328.3 |
| Número de documento/Ítem |
S583m |
| 049 ## - FONDOS LOCALES (OCLC) |
| Fondos de biblioteca |
BNPD |
| 100 1# - ENTRADA PRINCIPAL--NOMBRE DE PERSONA |
| Nombre de persona |
Silié Gatón, José A., |
| Fechas asociadas al nombre |
1920-2014 |
| 9 (RLIN) |
747 |
| 245 10 - MENCIÓN DE TÍTULO |
| Título |
Manual de ética parlamentaria / |
| Mención de responsabilidad, etc. |
José A. Silié Gatón; Jorge Tena Reyes prólogo. |
| 260 ## - PUBLICACIÓN, DISTRIBUCIÓN, ETC. |
| Lugar de publicación, distribución, etc. |
Santo Domingo : |
| Nombre del editor, distribuidor, etc. |
Ediciones de la Fundación Corripio, |
| Fecha de publicación, distribución, etc. |
2002. |
| 300 ## - DESCRIPCIÓN FÍSICA |
| Extensión |
290 p. ; |
| Dimensiones |
24 cm. |
| 440 #1 - MENCIÓN DE SERIE/PUNTO DE ACCESO ADICIONAL--TÍTULO |
| Título |
Colección Prisma |
| Designación de volumen o secuencia |
vol. VIII |
| 9 (RLIN) |
15804 |
| 500 ## - NOTA GENERAL |
| Nota general |
Incluye índice |
| 500 ## - NOTA GENERAL |
| Nota general |
Incluye notas al pie de páginas |
| 504 ## - NOTA DE BIBLIOGRAFÍA, ETC. |
| Nota de bibliografía, etc. |
Incluye referencias bibliográficas (p. 283) |
| 650 #4 - PUNTO DE ACCESO ADICIONAL DE MATERIA--TÉRMINO DE MATERIA |
| Término de materia o nombre geográfico como elemento de entrada |
Prácticas parlamentarias |
| 9 (RLIN) |
15805 |
| 650 #4 - PUNTO DE ACCESO ADICIONAL DE MATERIA--TÉRMINO DE MATERIA |
| Término de materia o nombre geográfico como elemento de entrada |
Actos legislativos |
| Subdivisión geográfica |
República Dominicana |
| 9 (RLIN) |
15806 |
| 650 #4 - PUNTO DE ACCESO ADICIONAL DE MATERIA--TÉRMINO DE MATERIA |
| Término de materia o nombre geográfico como elemento de entrada |
Cuerpos legislativos |
| Subdivisión general |
Ética |
| 9 (RLIN) |
15807 |
| 650 #4 - PUNTO DE ACCESO ADICIONAL DE MATERIA--TÉRMINO DE MATERIA |
| Término de materia o nombre geográfico como elemento de entrada |
Inmunidad parlamentaria |
| 9 (RLIN) |
15808 |
| 650 #0 - PUNTO DE ACCESO ADICIONAL DE MATERIA--TÉRMINO DE MATERIA |
| Término de materia o nombre geográfico como elemento de entrada |
Ética legal |
| 9 (RLIN) |
6420 |
| 700 1# - PUNTO DE ACCESO ADICIONAL--NOMBRE DE PERSONA |
| Nombre de persona |
Tena Reyes, Jorge, |
| Término indicativo de función/relación |
pról. |
| 9 (RLIN) |
8252 |